00494nam a2200193 a 4500001001300000003000900013005001700022008004100039020001200080082001600092100001900108245003000127260004700157300000900204500003500213505001000248650002300258700001900281nice12345678IN_TiNIC20260116013929.0050524s1987 alba grp 000 0 eng  ac779.700a305.4bSHA5 aSharma, Arvind aWomen in World Religions. aAlbanybState University of New Yorkc1987 a302p aincludes index and biblioraphy2 aIndex aWomen and Religion1 aSharma, Arvind